| 000 | 00485nam a2200181Ia 4500 | ||
|---|---|---|---|
| 003 | OSt | ||
| 005 | 20251117104751.0 | ||
| 008 | 250729s2005 xx 000 0 und d | ||
| 040 | _cAL | ||
| 041 | _akan | ||
| 082 | _a954 QUAP | ||
| 100 |
_aಕ್ವಾಡ್ರಸ್ ಸ್ಟೀವನ್ _9224427 |
||
| 245 | _aಪ್ರಾಚೀನ ಭಾರತದ ಇತಿಹಾಸ | ||
| 260 |
_aಕಟಪಾಡಿ _c2005 |
||
| 300 | _a305p | ||
| 650 |
_aHistory _9224428 |
||
| 942 |
_2ddc _cBED |
||
| 999 |
_c236400 _d236400 |
||